| 000 | 00373nam a2200145Ia 4500 | ||
|---|---|---|---|
| 008 | 230312s9999||||xx |||||||||||||| ||und|| | ||
| 020 | _a81-317-6436-7 | ||
| 082 |
_a621.382 _bLYO-U |
||
| 100 | _aLyons;Richard.G | ||
| 245 | 0 | _aUnderstanding Digtal Signal Processing | |
| 260 |
_bPearson _aIndia _c2013 |
||
| 300 | _a925 | ||
| 650 |
_aEngineering _vEngineering |
||
| 942 | _cBK | ||
| 999 |
_c10403 _d10403 |
||